000 00410nam a2200169Ia 4500
003 GCL
008 140319s9999 xx 000 0 eng d
040 _aGCL /
_cGCL
082 0 4 _a759
_bG P
100 1 _aGIBSON, MICHAEL
245 1 0 _aPAUL GAUGUIN /
_cGIBSON, MICHAEL
260 _a[S.N] :
_bACADEMY EDITIONS ،
_c1991
300 _a128
650 0 4 _aPAINTERS
650 0 4 _aGAUGUIN, PAUL
942 _2ddc
_cBK
999 _c10787
_d10787